| 000 | 01444nam a2200433 i 4500 | ||
|---|---|---|---|
| 001 | 9369 | ||
| 003 | KOSZ 005 | ||
| 005 | 20220222084043.0 | ||
| 008 | 220222s1976 pl a f 100 0 pol | ||
| 015 | _aUWD 1976/9519 | ||
| 035 | _a991023709349705066 | ||
| 035 | _a(PL-WaBN)b16494659-48omnis_nlop | ||
| 035 | _ab16494659 | ||
| 035 | _a(OCoLC)830610618 | ||
| 035 | _a(PL)b0000001649465 | ||
| 035 | _a(EXLNZ-48OMNIS_NETWORK)9910043144305606 | ||
| 040 |
_aWA N _cWA N _dKOSZ 005/RW |
||
| 046 | _k1976 | ||
| 080 | _a621.9 | ||
| 245 | 0 | 0 |
_aObróbka ścierna : _bIII konferencja naukowo-techniczna, Łódź wrzesień 1976. _pNarzędzia. |
| 260 |
_aŁódź : _bSIMP, _c1976. |
||
| 300 |
_a212 stron : _bilustracje ; _c22 cm. |
||
| 336 |
_aTekst _btxt _2rdacontent |
||
| 337 |
_aBez urządzenia pośredniczącego _bn _2rdamedia |
||
| 338 |
_aWolumin _bnc _2rdacarrier |
||
| 380 | _aKsiążki | ||
| 380 | _aPublikacje naukowe | ||
| 388 | 1 | _a1901-2000 | |
| 388 | 1 | _a1945-1989 | |
| 504 | _aBibliografia przy referatach. | ||
| 650 | 7 |
_aSzlifierka _2DBN |
|
| 650 | 7 |
_aSzlifowanie _2DBN |
|
| 655 | 7 |
_aMateriały konferencyjne _2DBN |
|
| 658 | _aInżynieria i technika | ||
| 710 | 2 |
_aStowarzyszenie Inżynierów i Techników Mechaników Polskich _4pbl |
|
| 856 |
_uhttp://koha.tu.koszalin.pl/cgi-bin/koha/opac-detail.pl?biblionumber=9369 _yKatalog online BPK |
||
| 942 |
_2UKD _cKS |
||
| 999 |
_c9369 _d9369 |
||